000 00332cam a22001097a 4500
008 180718b1952 xxu||||| |||| 00| 0 eng d
082 _aT46503x5444
245 _aAdminstrator general (Mysore) rules, 1952
_cby Law Department, Mysore
260 _aBangalore
_bGovernment Press
_c1952
300 _a31p.
700 _aMysore. Law Department
999 _c423885
_d423885